|
|
|
|
| LEADER |
00000cam a2200000 7i4500 |
| 001 |
0000003333 |
| 005 |
20020802.0 |
| 020 |
|
|
|a 0709707916
|
| 090 |
0 |
0 |
|a 567.91
|b CLA
|
| 100 |
1 |
|
|a Clark, Colin
|
| 245 |
1 |
0 |
|a My first book of dinosaurs and other prehistoric animals
|c Colin Clark illustrated by Geoff Campion
|
| 260 |
|
|
|a England :
|b Brown Watson ,
|c 1992
|
| 300 |
|
|
|a 30p. :
|b ill. ;
|c 30cm.
|
| 650 |
0 |
0 |
|a Dinosaurs
|x Juvenile literature
|
| 700 |
1 |
|
|a Campion, Geoff
|
| 999 |
|
|
|a 00247304
|b BUKU
|c JUNIOR BOOKS
|e PERPUSTAKAAN KOMUNITI PETALING JAYA
|
| 999 |
|
|
|a 036912
|b BUKU
|c PINJAMAN
|e PERPUSTAKAAN KOMUNITI PETALING JAYA
|
| 999 |
|
|
|a 124722
|b BUKU
|c JUNIOR BOOKS
|e PERPUSTAKAAN KOMUNITI PETALING JAYA
|